[Event "Advanced Chess: Engine-Assisted Round Robin"]
[Site "SchemingMind.com"]
[Date "2024.06.17"]
[Round "-"]
[White "Freyr"]
[Black "relyea"]
[Result "0-1"]
[WhiteCountry "SCO"]
[BlackCountry "USA"]
[WhiteElo "1407"]
[WhiteRD "264"]
[BlackElo "1875"]
[BlackRD "111"]
[GameID "745357"]

1. e4 e5 2. d4 exd4 3. Qxd4 Nc6 4. Qc4 Nf6 5. Nc3 Bb4 6. Bd2 O-O 7. O-O-O d6 8. f3 Re8 9. a3 a5 10. Qe2 Ne5
0-1

[Event "Advanced Chess: Engine-Assisted Round Robin"]
[Site "SchemingMind.com"]
[Date "2024.07.21"]
[Round "-"]
[White "Jay Waitkus"]
[Black "relyea"]
[Result "*"]
[WhiteCountry "USA"]
[BlackCountry "USA"]
[WhiteElo "1836"]
[WhiteRD "109"]
[BlackElo "1904"]
[BlackRD "110"]
[GameID "746038"]

1. e4 c6 2. d4 d5 3. e5 c5 4. Nf3 Nc6 5. dxc5 Bg4 6. c3 e6 7. Be3 a6 8. Nbd2 Nxe5 9. Qa4+ Qd7 10. Qf4 Bxf3
11. Nxf3 Ng6 12. Qg3 f5 13. Bd3 Nf6 14. O-O-O b6 15. cxb6 Bd6 16. Qh3 O-O 17. Kb1 Rab8 18. Rhe1 Ng4 19. Nd4 N6e5 20. Be2 Nxe3
21. Qxe3 f4 22. Qh3 Rf6 23. g4 g5 24. Bxa6 Rxb6 25. Bd3 h6 26. f3 Ba3 27. Nb3 Bd6 28. Re2 Nxd3 29. Rxd3 Qh7 30. Rd2 Rf8
31. Qg2 Be7 32. Qe2 Bf6 33. Rc2 Ra8 34. Rdd2 Kh8 35. Qd3 Qa7 36. Nc1 Qb7 37. Rd1 Qf7 38. Re1
*

[Event "Advanced Chess: Engine-Assisted Round Robin"]
[Site "SchemingMind.com"]
[Date "2024.07.21"]
[Round "-"]
[White "relyea"]
[Black "Jay Waitkus"]
[Result "*"]
[WhiteCountry "USA"]
[BlackCountry "USA"]
[WhiteElo "1904"]
[WhiteRD "110"]
[BlackElo "1836"]
[BlackRD "109"]
[GameID "746039"]

1. d4 d5 2. c4 e6 3. Nf3 Nf6 4. g3 Bb4+ 5. Bd2 Be7 6. Bg2 c6 7. O-O O-O 8. Qc2 Nbd7 9. Bf4 b6 10. Rd1 Bb7
11. Ne5 Nh5 12. Bd2 Nhf6 13. cxd5 cxd5 14. Nc6 Qe8 15. Nxe7+ Qxe7 16. Qb3 Rfc8 17. Be1 h5 18. a4 Nb8 19. Qe3 Nc6 20. Nc3 Ba6
21. Rab1 Rc7 22. Qf4 Rac8 23. h3 Bc4 24. b3 Ba6 25. Bf3 Qd8 26. Bg2 Qe7 27. Bf1 Ne8 28. Qf3 Nf6 29. Qe3 Ne8 30. Rbc1 Nd6
31. g4 Nb4 32. Qf4 hxg4 33. hxg4 Qd8 34. Bg2 Qd7 35. Bh3 Nc6 36. f3
*

[Event "Advanced Chess: Engine-Assisted Round Robin"]
[Site "SchemingMind.com"]
[Date "2024.08.04"]
[Round "-"]
[White "Greg Magne"]
[Black "Jay Waitkus"]
[Result "1/2-1/2"]
[WhiteCountry "CAN"]
[BlackCountry "USA"]
[WhiteElo "1678"]
[WhiteRD "147"]
[BlackElo "1834"]
[BlackRD "111"]
[GameID "746323"]

1. e4 e5 2. Nf3 Nc6 3. Bb5 Nf6 4. O-O Nxe4 5. d4 Nd6 6. Ba4 exd4 7. c3 Be7 8. cxd4 b5 9. Bc2 Nb4 10. Bb3 Bb7
11. Nc3 O-O 12. Ne5 Bf6 13. Qh5 a6 14. Rd1 a5 15. Re1 g6 16. Nxg6 hxg6 17. Qxg6+ Bg7 18. Bg5 Nc4 19. Qh5 f6 20. Be3 d5
21. a3 Nxe3 22. fxe3 a4 23. Bd1 Ra6 24. axb4 f5 25. Qh3 Qe7 26. Bf3 Rh6 27. Bxd5+ Bxd5 28. Nxd5 Qe4 29. Qf3 Qxf3 30. gxf3 f4
31. Nxf4 Bxd4 32. exd4 Rxf4 33. Re8+ Kf7 34. Rae1 Rc6 35. R1e7+ Kf6 36. d5 Rc2=
1/2-1/2

[Event "Advanced Chess: Engine-Assisted Round Robin"]
[Site "SchemingMind.com"]
[Date "2024.08.04"]
[Round "-"]
[White "Jay Waitkus"]
[Black "Greg Magne"]
[Result "1-0"]
[WhiteCountry "USA"]
[BlackCountry "CAN"]
[WhiteElo "1836"]
[WhiteRD "109"]
[BlackElo "1627"]
[BlackRD "135"]
[GameID "746324"]

1. e4 e6 2. d4 d5 3. Nc3 Bb4 4. e5 c5 5. a3 Bxc3+ 6. bxc3 Ne7 7. Qg4 cxd4 8. Qxg7 Rg8 9. Qxh7 Qc7 10. Ne2 Nbc6
11. f4 dxc3 12. h4 Bd7 13. h5 O-O-O 14. Qd3 d4 15. Rb1 Kb8 16. g3 Nf5 17. Rg1 Nh6 18. Bg2 Ng4 19. Rh1 Be8 20. h6 f5
21. Rh4 Rh8 22. Qc4 Rh7 23. Rxg4 fxg4 24. Qxe6 Na5 25. Be4 Rh8 26. Qf6 Bc6 27. Bd3 Bf3 28. f5 Nc4 29. Bf4 Ne3 30. e6 Ng2+
31. Kf2 Nxf4 32. Nxf4 Qh7 33. e7 Rde8 34. Qe5+ Ka8 35. f6 Qxh6 36. Rg1 Qh2+ 37. Ng2 Qh6 38. f7 Qd2+ 39. Be2 Qxc2 40. Re1 Qa2
41. fxe8=Q+ Rxe8 42. Qxd4 Rxe7 43. Qd8#
1-0

[Event "Advanced Chess: Engine-Assisted Round Robin"]
[Site "SchemingMind.com"]
[Date "2024.08.05"]
[Round "-"]
[White "Greg Magne"]
[Black "relyea"]
[Result "*"]
[WhiteCountry "CAN"]
[BlackCountry "USA"]
[WhiteElo "1627"]
[WhiteRD "135"]
[BlackElo "1904"]
[BlackRD "110"]
[GameID "746325"]

1. e4 e5 2. Nf3 Nf6 3. d4 Nxe4 4. Bd3 d5 5. Nxe5 Nd7 6. Nxd7 Bxd7 7. O-O Bd6 8. Nc3 Nxc3 9. bxc3 O-O 10. Qh5 f5
11. Qf3 c6 12. Bf4 Qc7 13. Bxd6 Qxd6 14. c4 dxc4 15. Bxc4+ Kh8 16. Bb3 b5 17. Rfd1 a5 18. a3 f4 19. h3 Bf5 20. c4 Rae8
21. cxb5 Be4 22. Qh5 cxb5 23. Re1 f3 24. g3 a4 25. Ba2 h6 26. Rad1 Bg6 27. Qc5 Rxe1+ 28. Rxe1 Qxc5 29. dxc5 Rc8
*

[Event "Advanced Chess: Engine-Assisted Round Robin"]
[Site "SchemingMind.com"]
[Date "2024.08.05"]
[Round "-"]
[White "relyea"]
[Black "Greg Magne"]
[Result "*"]
[WhiteCountry "USA"]
[BlackCountry "CAN"]
[WhiteElo "1904"]
[WhiteRD "110"]
[BlackElo "1627"]
[BlackRD "135"]
[GameID "746326"]

1. d4 Nf6 2. c4 e6 3. g3 d5 4. Nf3 dxc4 5. Bg2 a6 6. O-O Nc6 7. e3 Bd7 8. Qe2 Bd6 9. Qxc4 O-O 10. Rd1 Qe7
11. Bd2 Rab8 12. h3 Rfe8 13. Qc2 e5 14. dxe5 Nxe5 15. Nxe5 Bxe5 16. Bc3 c5 17. Nd2 b5 18. Bxe5 Qxe5 19. Rac1 Rbc8 20. b3 Bf5
21. e4 Bg6 22. f4 Qd4+ 23. Kh2 Nxe4 24. Nxe4 Bxe4 25. Rxd4 Bxc2 26. Rd6 Bg6 27. Rd5 f6 28. f5 Bf7 29. Rdxc5 Rxc5 30. Rxc5 Kf8
*

[Event "Advanced Chess: Engine-Assisted Round Robin"]
[Site "SchemingMind.com"]
[Date "2024.08.04"]
[Round "-"]
[White "Greg Magne"]
[Black "eliecercruzr"]
[Result "*"]
[WhiteCountry "CAN"]
[BlackCountry "CUB"]
[WhiteElo "1627"]
[WhiteRD "135"]
[BlackElo "1639"]
[BlackRD "137"]
[GameID "746410"]

1. e4 d5 2. exd5 Qxd5 3. Nf3 Bg4 4. Be2 Nc6 5. O-O O-O-O 6. h3 Bh5 7. Nc3 Qd7 8. d3 Nf6 9. Re1 Rg8 10. Be3 e6
11. a3 h6 12. g4 Bg6 13. b4 Bd6 14. b5 Ne7 15. Bf1 h5 16. g5 Nfd5 17. Nxd5 exd5 18. c4 dxc4 19. dxc4 c5 20. Qa4 Kb8
21. Rad1 Qc7 22. Bd2 f6 23. Nh4 Be5 24. Bg2 Bf7 25. Nf3 Bd6 26. Qc2 Ng6 27. a4 Bf4 28. a5 Bxd2 29. b6 axb6 30. axb6 Qxb6
31. Nxd2 Rge8 32. Bxb7 Rxe1+ 33. Rxe1 Kc7 34. Be4 Ne5 35. Nf3 Nc6 36. Qc3 Rd6 37. Rb1 Nb4 38. Nd2 h4 39. Nf3 Re6 40. Bf5 Re7
41. g6 Be8 42. Nxh4 Qd6 43. Qa3 Qa6 44. Qg3+ Qd6 45. Qg4 Qd2 46. Nf3 Qd6 47. h4 Bc6 48. h5 Re8 49. Ne1 Qd2 50. Qg3+ Qd6
51. Ng2 Qxg3 52. fxg3 Bxg2 53. Kxg2 Nc6 54. Rb5 Re2+ 55. Kh3 Re5
*

[Event "Advanced Chess: Engine-Assisted Round Robin"]
[Site "SchemingMind.com"]
[Date "2024.08.04"]
[Round "-"]
[White "eliecercruzr"]
[Black "Greg Magne"]
[Result "1/2-1/2"]
[WhiteCountry "CUB"]
[BlackCountry "CAN"]
[WhiteElo "1596"]
[WhiteRD "147"]
[BlackElo "1678"]
[BlackRD "147"]
[GameID "746411"]

1. d4 d5 2. c4 c6 3. Nc3 e6 4. e4 dxe4 5. Nxe4 Bb4+ 6. Bd2 Qxd4 7. Bxb4 Qxe4+ 8. Ne2 Na6 9. Bf8 Ne7 10. Bxg7 Nb4
11. Qd6 Nd3+ 12. Kd2 Nf5 13. Qxd3 Qxd3+ 14. Kxd3 Nxg7 15. Kc3 b6 16. g3 c5 17. Bg2 Rb8 18. Rad1 Bb7 19. Bxb7 Rxb7 20. Rhe1 Rd7
21. Nf4 Nf5 22. a3 Rxd1 23. Rxd1 Ke7 24. Re1 Nd6 25. Nd5+ Kd7 26. Nf6+=
1/2-1/2

[Event "Advanced Chess: Engine-Assisted Round Robin"]
[Site "SchemingMind.com"]
[Date "2024.08.04"]
[Round "-"]
[White "eliecercruzr"]
[Black "Jay Waitkus"]
[Result "1/2-1/2"]
[WhiteCountry "CUB"]
[BlackCountry "USA"]
[WhiteElo "1596"]
[WhiteRD "147"]
[BlackElo "1834"]
[BlackRD "111"]
[GameID "746412"]

1. e4 e5 2. Nf3 Nc6 3. d4 exd4 4. Nxd4 Nf6 5. Nxc6 bxc6 6. e5 Qe7 7. Qe2 Nd5 8. c4 Nb6 9. Nc3 Qe6 10. Qe4 d5
11. exd6 Qxe4+ 12. Nxe4 cxd6 13. Be2 Be6 14. b3 d5 15. cxd5 Bxd5 16. f3 f5 17. Nc3 Bb4 18. Bd2 a5 19. Kf2 O-O-O 20. Rhc1 Kb7
21. Be3 Bf7 22. a3 Bxc3 23. Rxc3 Nd5 24. Rd3 Nxe3 25. Rxe3 Rhe8 26. Rd1 Rxd1 27. Bxd1 f4 28. Rxe8 Bxe8 29. Ke2 c5=
1/2-1/2

[Event "Advanced Chess: Engine-Assisted Round Robin"]
[Site "SchemingMind.com"]
[Date "2024.08.06"]
[Round "-"]
[White "Jay Waitkus"]
[Black "eliecercruzr"]
[Result "1/2-1/2"]
[WhiteCountry "USA"]
[BlackCountry "CUB"]
[WhiteElo "1836"]
[WhiteRD "109"]
[BlackElo "1639"]
[BlackRD "137"]
[GameID "746413"]

1. e4 e5 2. Nf3 Nc6 3. Bb5 a6 4. Ba4 Nf6 5. O-O Nxe4 6. d4 b5 7. Bb3 d5 8. dxe5 Be6 9. c3 Be7 10. Nbd2 Nc5
11. Bc2 d4 12. Nb3 d3 13. Bb1 Nxb3 14. axb3 Bf5 15. b4 O-O 16. Re1 Qd7 17. h3 Rfd8 18. Bf4 a5 19. bxa5 Rxa5 20. Rxa5 Nxa5
21. Nd4 g5 22. b4 Nc4 23. Be3 d2 24. Re2 Bxb1 25. Qxb1 Nxe3 26. fxe3 Qd5 27. Rxd2 Qxe5 28. Re2 Rd5 29. Nc6 Qd6 30. Nd4 c5
31. bxc5 Rxc5 32. Rf2 Qg6 33. Qxg6+ hxg6 34. Rc2 Bd8 35. Ra2=
1/2-1/2

[Event "Advanced Chess: Engine-Assisted Round Robin"]
[Site "SchemingMind.com"]
[Date "2024.08.09"]
[Round "-"]
[White "eliecercruzr"]
[Black "relyea"]
[Result "*"]
[WhiteCountry "CUB"]
[BlackCountry "USA"]
[WhiteElo "1639"]
[WhiteRD "137"]
[BlackElo "1904"]
[BlackRD "110"]
[GameID "746414"]

1. e4 c6 2. d4 d5 3. Nc3 dxe4 4. Nxe4 Nf6 5. Nxf6+ exf6 6. c3 Bd6 7. Bd3 O-O 8. Qc2 Re8+ 9. Ne2 h5 10. O-O h4
11. h3 Nd7 12. Be3 Nf8 13. Rad1 Bd7 14. c4 Rc8 15. Qd2 Bb8 16. Bf4 Bxf4 17. Nxf4 g6 18. b3 Kg7 19. Be2 Nh7 20. Bd3 Ng5
21. d5 cxd5 22. Nxd5 Bc6 23. f4 Nh7 24. Qf2 Bxd5 25. cxd5 a6 26. Qxh4 Qd6 27. Qg4 Qc5+ 28. Kh2 Re3 29. Qd7 Re7 30. Qa4 Qd6
31. Qd4
*

[Event "Advanced Chess: Engine-Assisted Round Robin"]
[Site "SchemingMind.com"]
[Date "2024.08.09"]
[Round "-"]
[White "relyea"]
[Black "eliecercruzr"]
[Result "*"]
[WhiteCountry "USA"]
[BlackCountry "CUB"]
[WhiteElo "1904"]
[WhiteRD "110"]
[BlackElo "1639"]
[BlackRD "137"]
[GameID "746415"]

1. d4 Nf6 2. c4 e6 3. g3 d5 4. Nf3 Bb4+ 5. Bd2 Be7 6. Bg2 O-O 7. O-O c6 8. Qc2 Nbd7 9. Bf4 b6 10. Rd1 Bb7
11. Ne5 Nh5 12. Bd2 Nhf6 13. cxd5 cxd5 14. Nc6 Bxc6 15. Qxc6 a6 16. e3 b5 17. Rc1 b4 18. a3 a5 19. axb4 axb4 20. Ra6 g6
21. Be1 Rc8 22. Qxc8 Qxc8 23. Rxc8 Rxc8 24. Nd2 b3 25. Nf1 Rc1 26. Bc3 Bf8 27. Bf3 Ne4 28. Bxe4 dxe4 29. Kg2 Rc2 30. Nd2 Nf6
*

[Event "Advanced Chess: Engine-Assisted Round Robin"]
[Site "SchemingMind.com"]
[Date "2024.08.07"]
[Round "-"]
[White "Greg Magne"]
[Black "Archon"]
[Result "1/2-1/2"]
[WhiteCountry "CAN"]
[BlackCountry "CAN"]
[WhiteElo "1678"]
[WhiteRD "147"]
[BlackElo "1749"]
[BlackRD "187"]
[GameID "746486"]

1. e4 g6 2. d4 Bg7 3. c4 d6 4. Nc3 Nf6 5. f3 O-O 6. Nge2 a6 7. Be3 Nc6 8. h4 h5 9. Qd2 Rb8 10. Rc1 Re8
11. Nd1 Bd7 12. Nf2 b5 13. c5 dxc5 14. Rxc5 e5 15. d5 Ne7 16. Qc1 Bf8 17. Bg5 Nh7 18. Bd2 Nc8 19. Rxc7 Nb6 20. b3 Nf6
21. Rc3 Nbxd5 22. exd5 Nxd5 23. Rd3 Rc8 24. Qb2 Nb4 25. Rc3 Bf5 26. Rxc8 Qxc8 27. Ng3 Rd8 28. Nfe4 Bxe4 29. Nxe4 f5 30. Ng5 Rd5
31. Qc3 Qxc3 32. Bxc3 Nxa2 33. Bd2 Nb4 34. Kd1 Nc6 35. Kc2 Ba3 36. Bc3 Rc5 37. Kd2 Bb4 38. Bxb4 Nxb4 39. g4 Rc2+ 40. Kd1 Ra2
41. gxf5 gxf5 42. Rg1 Kf8 43. Ne6+ Kf7 44. Ng7 Ra1+ 45. Kd2 Ra2+ 46. Kc1 Ra1+ 47. Kd2=
1/2-1/2

[Event "Advanced Chess: Engine-Assisted Round Robin"]
[Site "SchemingMind.com"]
[Date "2024.08.07"]
[Round "-"]
[White "Archon"]
[Black "Greg Magne"]
[Result "1/2-1/2"]
[WhiteCountry "CAN"]
[BlackCountry "CAN"]
[WhiteElo "1581"]
[WhiteRD "277"]
[BlackElo "1666"]
[BlackRD "175"]
[GameID "746487"]

1. d4 Nf6 2. Bf4 d6 3. Nc3 Nbd7 4. Nf3 c5 5. e3 a6 6. Be2 b5 7. dxc5 Nxc5 8. O-O g6 9. a4 b4 10. Nd5 Nxd5
11. Qxd5 Rb8 12. Ne5 Be6 13. Qc6+ Bd7 14. Qd5 Be6 15. Qc6+ Bd7 16. Qd5 Be6=
1/2-1/2

[Event "Advanced Chess: Engine-Assisted Round Robin"]
[Site "SchemingMind.com"]
[Date "2024.08.07"]
[Round "-"]
[White "Archon"]
[Black "eliecercruzr"]
[Result "1-0"]
[WhiteCountry "CAN"]
[BlackCountry "CUB"]
[WhiteElo "1749"]
[WhiteRD "187"]
[BlackElo "1596"]
[BlackRD "147"]
[GameID "746488"]

1. d4 Nf6 2. Bf4 d5 3. Nd2 c5 4. e3 Qb6 5. Ngf3 Nc6 6. dxc5 Qxb2 7. Rb1 Qc3 8. Bb5 e6 9. O-O Be7 10. e4 O-O
11. e5 Nd7 12. Nb3 Qb4 13. Nfd4 Nxd4 14. Nxd4 Qxc5 15. Re1 Nb6 16. Bd3 Bd7 17. h4 Rac8 18. Be3 Qc7 19. Bg5 Bxg5 20. hxg5 g6
21. Qg4 Bc6 22. Qh4 Nd7 23. Nf3 a6 24. Nh2 Nxe5 25. Rxe5 Qxe5 26. Ng4 Qg7 27. Nf6+ Kh8 28. Rb3 d4 29. Be2 Bxg2 30. Kxg2
1-0

[Event "Advanced Chess: Engine-Assisted Round Robin"]
[Site "SchemingMind.com"]
[Date "2024.08.07"]
[Round "-"]
[White "eliecercruzr"]
[Black "Archon"]
[Result "1/2-1/2"]
[WhiteCountry "CUB"]
[BlackCountry "CAN"]
[WhiteElo "1639"]
[WhiteRD "137"]
[BlackElo "1720"]
[BlackRD "173"]
[GameID "746489"]

1. e4 g6 2. d4 Bg7 3. Nc3 d6 4. Be3 a6 5. Qd2 Nd7 6. h4 h6 7. O-O-O b5 8. Kb1 Bb7 9. f3 c5 10. dxc5 dxc5
11. Nh3 Ngf6 12. Nf2 h5 13. Be2 Qa5 14. a3 O-O 15. Nd5 Qxd2 16. Nxf6+ Nxf6 17. Rxd2 c4 18. Rhd1 Rfc8 19. c3 e6 20. a4 Bc6
21. a5 Bf8 22. Kc2 Be7 23. b3 cxb3+ 24. Kxb3 Kf8 25. Bg5 Ke8 26. Nd3 Nd7 27. Bxe7 Kxe7 28. Rc2 Rc7 29. Rdc1 f5 30. c4 fxe4
31. Nb4 Bb7 32. cxb5 Rxc2 33. Nxc2 axb5 34. Ra1 Ne5 35. Nd4 Rd8 36. Rd1 Nd3 37. Nxb5 Bc6 38. Nc3 exf3 39. Bxf3=
1/2-1/2

[Event "Advanced Chess: Engine-Assisted Round Robin"]
[Site "SchemingMind.com"]
[Date "2024.08.07"]
[Round "-"]
[White "Archon"]
[Black "Jay Waitkus"]
[Result "1/2-1/2"]
[WhiteCountry "CAN"]
[BlackCountry "USA"]
[WhiteElo "1749"]
[WhiteRD "187"]
[BlackElo "1834"]
[BlackRD "111"]
[GameID "746490"]

1. d4 Nf6 2. Bf4 g6 3. Nc3 d5 4. Nb5 Na6 5. e3 Bg7 6. h3 O-O 7. Nf3 Ne4 8. Bd3 c6 9. Nc3 Nxc3 10. bxc3 Qa5
11. O-O Qxc3 12. Rb1 c5 13. Rb3 Qa5 14. c4 Be6 15. Rxb7 Nb4 16. Rxe7 Nxd3 17. Qxd3 dxc4 18. Qc2 c3 19. Be5 Bxe5 20. dxe5 Bxa2
21. Rd1 Bc4 22. Ng5 Rae8 23. Rxe8 Rxe8 24. Ne4 Rxe5 25. Nxc3 Qb6 26. Rb1 Qc6 27. Rb8+ Re8 28. Qb2 Rxb8 29. Qxb8+ Kg7 30. Qxa7 Qa6
31. Qxa6 Bxa6 32. f4 h5 33. h4 Kf8=
1/2-1/2

[Event "Advanced Chess: Engine-Assisted Round Robin"]
[Site "SchemingMind.com"]
[Date "2024.08.08"]
[Round "-"]
[White "Jay Waitkus"]
[Black "Archon"]
[Result "1-0"]
[WhiteCountry "USA"]
[BlackCountry "CAN"]
[WhiteElo "1836"]
[WhiteRD "109"]
[BlackElo "1720"]
[BlackRD "173"]
[GameID "746491"]

1. e4 g6 2. d4 Bg7 3. f4 d6 4. Nc3 a6 5. Nf3 Nf6 6. e5 Nfd7 7. Be3 O-O 8. h4 h5 9. g4 dxe5 10. dxe5 Nb6
11. gxh5 Qxd1+ 12. Rxd1 Bg4 13. Be2 Bxh5 14. Ng5 Nc6 15. Bxh5 Nc4 16. Bxg6 Nxe3 17. Bh7+ Kh8 18. Rd2 f6 19. Re2 Nc4 20. Nd5 Nb6
21. Be4 Nxd5 22. Bxd5 fxe5 23. Nf7+ Rxf7 24. Bxf7 exf4 25. Bd5 Ne5 26. Rf1 c6 27. Bh1 Rf8 28. Re4 f3 29. Kf2 Ng6 30. c3 Ne5
31. Kg3 f2 32. Rxf2 Bf6 33. Rf5 Nd3 34. Bf3 Rg8+ 35. Bg4 Kg7 36. Be2 Rd8 37. Bxd3 Rxd3+ 38. Rf3 Rd1 39. Rf2 a5 40. Ra4 Rd5
41. Kg4 Re5 42. Rh2 Kg6 43. Kf3 Rf5+ 44. Rf4 Rh5 45. Rg4+ Kf7 46. Re4 Be5 47. Kg4 Kg6 48. Rh1 Bf6 49. a4 Kh6 50. Kf3 Kg6
51. Rd1 Rh8 52. Rd7 Rb8 53. Rg4+ Kf5 54. Rd2 Rh8 55. Rf4+ Ke6 56. Rh2 b5 57. h5 Rh6 58. Rh1 Ke5 59. Kg4 Kd6 60. Re4 Kc7
61. Kf3 Kd6 62. Ke2 Bh8 63. Rg4 Kc7 64. Kd3 b4 65. cxb4 axb4 66. Rxb4 e5 67. Kc2 Rf6 68. Rh2 Rh6 69. Rg4 Kb7 70. Rg6 Rh7
71. h6 Kb6 72. Re6 Kc5 73. Rh5 Kd5 74. Re8 Kc5 75. Kd3 Kb6 76. Rg8 c5 77. Ke4 Kb7 78. b3 Kb6 79. Rg6+ Ka5 80. Rc6
1-0

[Event "Advanced Chess: Engine-Assisted Round Robin"]
[Site "SchemingMind.com"]
[Date "2024.08.11"]
[Round "-"]
[White "Archon"]
[Black "relyea"]
[Result "*"]
[WhiteCountry "CAN"]
[BlackCountry "USA"]
[WhiteElo "1720"]
[WhiteRD "173"]
[BlackElo "1904"]
[BlackRD "110"]
[GameID "746492"]

1. d4 Nf6 2. Bf4 d5 3. e3 c5 4. c3 Nc6 5. Nf3 Qb6 6. Qc1 Bf5 7. Nbd2 Rc8 8. dxc5 Qxc5 9. Qd1 a6 10. Nb3 Qb6
11. a4 Nh5 12. a5 Qd8 13. Bg5 h6 14. Bh4 g5 15. Nbd4 Nxd4 16. Nxd4 Bg6 17. g4 gxh4 18. gxh5 Be4 19. Rg1 e6 20. f3 Bh7
21. f4 Bc5 22. Bd3 Bxd4 23. exd4 Bxd3 24. Qxd3 Kd7 25. Qe3 Rg8 26. Rxg8 Qxg8 27. O-O-O Qg7 28. Rg1 Qh7 29. h3 Ke7 30. Qf2 Kd7
31. Qc2 Qxc2+ 32. Kxc2 Re8 33. b3 Rc8 34. Kd3 b5 35. axb6 Rb8 36. c4 Rxb6 37. Kc3 dxc4 38. bxc4 a5 39. Ra1
*

[Event "Advanced Chess: Engine-Assisted Round Robin"]
[Site "SchemingMind.com"]
[Date "2024.08.11"]
[Round "-"]
[White "relyea"]
[Black "Archon"]
[Result "*"]
[WhiteCountry "USA"]
[BlackCountry "CAN"]
[WhiteElo "1904"]
[WhiteRD "110"]
[BlackElo "1720"]
[BlackRD "173"]
[GameID "746493"]

1. e4 d6 2. d4 g6 3. Nc3 Bg7 4. Be3 Nf6 5. Qd2 c6 6. Nf3 O-O 7. h3 Nbd7 8. Bh6 e5 9. O-O-O Re8 10. Bxg7 Kxg7
11. h4 Qe7 12. h5 Nxh5 13. d5 Ndf6 14. dxc6 Bg4 15. Qxd6 bxc6 16. Qxe7 Rxe7 17. Rd3 Nf4 18. Re3 Bxf3 19. Rxf3 Rd8 20. g3 Ne6
21. Rd3 Rxd3 22. Bxd3 h5 23. Kd2 Nd7 24. Na4 Nb6 25. Nxb6 axb6 26. b3 Rd7 27. a4 Nc5 28. Ke3 Nxd3 29. cxd3 c5 30. f4 f6
31. Rb1 exf4+ 32. gxf4 Ra7 33. Rd1 g5 34. fxg5 fxg5 35. d4 cxd4+ 36. Rxd4 Rc7 37. Rd5 Rc3+ 38. Rd3 Rc1
*